000 00871cam a22002531 4500
001 26872
003 BD-RjUL
005 20211209051058.0
008 140323s1959 ii ab b 001 0 eng
035 _a(BD-RjUL)26943
035 _a(OCoLC)3624414
040 _aDLC
_cMiRochOU
_dDLC
_beng
041 _aeng
082 _a954
_bSHE 1959
100 1 _aSharma, Dasharatha.
_980247
245 1 0 _aEarly Chauhān dynasties :
_ba study of Chauhān political history, Chauhān political institutions, and life in the Chauhān dominions from C. 800 to 1316 A.D /
_cWith a foreword by K. M. Panikkar.
260 _aDelhi :
_bS. Chand,
_c1959.
300 _axxvii, 364 p. ;
_billus., fold. map. ;
_c23 cm.
504 _aIncludes Bibliography: p. [337]-350 and index.
600 3 0 _aChauhan dynasties.
_982589
942 _2ddc
_cBK
999 _c26872
_d26872